| 000 | 00641nam a22002530a 4500 | ||
|---|---|---|---|
| 001 | PT39132 | ||
| 003 | AR-LpoUNG | ||
| 005 | 20210131230610.0 | ||
| 008 | 191001s1968||||xxu|||||||||||||||||eng d | ||
| 040 |
_aAR-LpoUNG _bspa _cAR-LpoUNG _eaacr |
||
| 041 | _aeng | ||
| 044 | _axxu | ||
| 100 | 1 | _aHayslett Jr., H. T. | |
| 245 | 1 | 0 | _aStatistics made simple |
| 250 | _a1§ edición | ||
| 260 |
_aNueva York : _bDoubleday & Company, _c1968. |
||
| 300 |
_a192 p. : _btbls., gráfs. |
||
| 650 | 4 | _aANALISIS MATEMATICO | |
| 650 | 4 | _aESTADISTICAS | |
| 650 | 4 | _aMATEMATICAS | |
| 650 | 4 | _aMODELOS MATEMATICOS | |
| 905 | _a39132 | ||
| 942 | _cLIB | ||
| 999 |
_c4847 _d4847 |
||